[Event "Moscow Gov Cup A Rapid KO"]
[Site "Moscow RUS"]
[Date "2013.02.23"]
[Round "4.2"]
[White "Mischuk,D"]
[Black "Dragomarezkij,E"]
[Result "0-1"]
[WhiteElo "2330"]
[BlackElo "2363"]

1.d4 d5 2.c4 dxc4 3.e4 Nf6 4.e5 Nd5 5.Bxc4 Nc6 6.Ne2 Nb6 7.Bd3 Be6 8.Nbc3 Qd7
9.Be3 Bf5 10.Ne4 e6 11.O-O O-O-O 12.Bc2 Nb4 13.Bb1 Nc4 14.Qc1 Nxe3 15.fxe3 Nd5
16.N2c3 Bg6 17.Nxd5 exd5 18.Nc3 Kb8 19.Qd2 Qe6 20.Qf2 f6 21.exf6 gxf6 22.Bxg6 hxg6
23.Rae1 f5 24.Ne2 Bd6 25.Nf4 Qf7 26.g3 c6 27.a3 Rh7 28.Re2 Rdh8 29.Qf3 Qe8
30.Rg2 Rh6 31.Nd3 Qe4 32.Qxe4 dxe4 33.Nf4 Kc7 34.h4 Kd7 35.Nh3 Be7 36.Nf4 Bd6
37.Nh3 c5 38.Rd1 cxd4 39.Rxd4 Ke7 40.Nf4 Bc5 41.Rc4 Bxe3+ 42.Kf1 Bxf4 43.gxf4 Rd8
44.Ke2 Rd7 45.Rc5 Ke6 46.Re5+ Kf6 47.Rh2 Rdh7 48.Rd5 Rxh4 49.Rg2 Rxf4 50.Rd6+ Ke5
51.Rdxg6 Rc7 52.Kd2 Rf3 53.Rg8 Rb3 54.Kd1 Rd7+ 55.Ke1 Re3+ 56.Kf2 Rf3+ 57.Ke2 Rfd3
58.Re8+ Kf6 59.Rf8+ Ke5 60.Re8+ Kd4 61.Rg5 Rd5 62.Rg7 Rb3 63.Rge7 Rxb2+ 64.Kf1 Ke3  0-1

[Event "29th Open"]
[Site "Cappelle la Grande FRA"]
[Date "2013.02.25"]
[Round "3.13"]
[White "Vovk,Y"]
[Black "Nikcevic,N"]
[Result "1-0"]
[WhiteElo "2594"]
[BlackElo "2452"]

1.d4 d5 2.c4 dxc4 3.e4 a6 4.Bxc4 c5 5.Nf3 cxd4 6.Nxd4 e6 7.O-O Qc7 8.Bb3 Nf6
9.Nc3 Bb4 10.Bg5 Nbd7 11.Bxe6 fxe6 12.Bxf6 Nc5 13.Ndb5 axb5 14.Nxb5 Qd7 15.Nd6+ Kf8
16.Be5 Na4 17.Rc1 Bxd6 18.Bxd6+ Kg8 19.Rc7 Qb5 20.Be5  1-0

[Event "ch-LTU SF 2013"]
[Site "Vilnius LTU"]
[Date "2013.02.25"]
[Round "4.8"]
[White "Batkovskyte,D"]
[Black "Miknevicius,Laurynas"]
[Result "0-1"]
[WhiteElo "2101"]
[BlackElo "1906"]

1.d4 d5 2.c4 dxc4 3.e4 Nf6 4.e5 Nd5 5.Bxc4 Nb6 6.Bb3 Nc6 7.Ne2 Bf5 8.O-O e6
9.Nbc3 Qd7 10.Be3 Rd8 11.a3 Be7 12.Bc2 Bxc2 13.Qxc2 O-O 14.Ne4 Nd5 15.N2c3 Nxc3
16.bxc3 Qd5 17.f4 Na5 18.Rf3 c5 19.Rh3 g6 20.Re1 cxd4 21.Bxd4 Nb3 22.Bxa7 Nd2
23.Nf2 Qc6 24.Be3 Nc4 25.a4 Ra8 26.Ne4 Rxa4 27.Bf2 Na3 28.Qd3 Rd8 29.Bd4 Nb5
30.Qb1 Nxd4 31.cxd4 Raxd4 32.Rc3 Qd7 33.Rec1 Qa4 34.Qxb7 Rxe4 35.Qxe7 Qd4+
36.Kf1 Rxf4+ 37.Ke2 Rf2+  0-1

[Event "29th Open"]
[Site "Cappelle la Grande FRA"]
[Date "2013.02.26"]
[Round "5.27"]
[White "Caprio,G"]
[Black "Sumets,A"]
[Result "1/2-1/2"]
[WhiteElo "2402"]
[BlackElo "2632"]

1.d4 d5 2.c4 dxc4 3.e4 a6 4.Bxc4 c5 5.Nf3 cxd4 6.O-O Nc6 7.Bd5 e6 8.Bxc6+ bxc6
9.Qa4 Bd7 10.Qxd4 c5 11.Qe3 Qc7 12.Nc3 Nf6 13.Rd1 Bc6 14.Nd5 Nxd5 15.exd5 Rd8
16.Qe2 Bxd5 17.Bg5 Be7 18.Bxe7 Qxe7 19.Qxa6 O-O 20.Qe2 Qb7 21.b3 Ra8 22.Rac1 Rfc8
23.Rd2 h6 24.Ne5 Rc7 25.f3 Qb4 26.Nd3 Qa3 27.Rdc2 Rac8 28.Nxc5  1/2-1/2

[Event "Reykjavik Open 2013"]
[Site "Reykjavik ISL"]
[Date "2013.02.26"]
[Round "9.51"]
[White "Karason,A"]
[Black "Kleinert,J"]
[Result "1-0"]
[WhiteElo "2235"]
[BlackElo "1991"]

1.d4 d5 2.c4 dxc4 3.e4 b5 4.a4 Bb7 5.Nc3 b4 6.Bxc4 e6 7.Qb3 Qc8 8.d5 bxc3
9.dxe6 f6 10.e7 Nxe7 11.Bf7+ Kd8 12.Bf4 Ng6 13.O-O-O+ Bd6 14.Bxd6 cxd6 15.Rxd6+ Kc7
16.Rd3 cxb2+ 17.Kxb2 Bxe4 18.Qc4+ Bc6 19.Bxg6 hxg6 20.Qf4+ Kb6 21.Rb3+ Kc5
22.Ne2 Qf5 23.Qd4+  1-0

[Event "29th Open"]
[Site "Cappelle la Grande FRA"]
[Date "2013.02.28"]
[Round "7.43"]
[White "Kambrath,Y"]
[Black "Baron,Ta"]
[Result "0-1"]
[WhiteElo "2232"]
[BlackElo "2470"]

1.d4 d5 2.c4 dxc4 3.e4 e5 4.Nf3 exd4 5.Bxc4 Nc6 6.O-O Be6 7.Bb5 Bc5 8.b4 Bb6
9.Bb2 Ne7 10.Nxd4 O-O 11.Nc2 f5 12.Nc3 a6 13.exf5 Bxf5 14.Bc4+ Kh8 15.Qe2 Bxc2
16.Qxc2 Nxb4 17.Qe2 Nf5 18.Rad1 Qh4 19.Qe4 Qh6 20.Ba3 Rae8 21.Qg4 a5 22.Nd5 c5
23.Bc1 Qc6 24.Nxb6 Qxb6 25.a3 Nc2 26.h4 Qc7 27.h5 Ncd4 28.a4 Qc6 29.Rfe1 Qxa4
30.Rxe8 Qxe8 31.h6 Nxh6 32.Bxh6 gxh6 33.Qh4 Qa4 34.Rc1 Ne2+ 35.Kh2 Nxc1 36.Qxh6 Qe8
37.Qxc1 Qe5+ 38.Kg1 Qd4  0-1

[Event "Zagreb Open A 2013"]
[Site "Zagreb CRO"]
[Date "2013.02.28"]
[Round "4.1"]
[White "Kozul,Z"]
[Black "Sulava,N"]
[Result "1-0"]
[WhiteElo "2630"]
[BlackElo "2481"]

1.d4 d5 2.c4 dxc4 3.e4 b5 4.a4 c6 5.Nc3 Bd7 6.e5 e6 7.Be2 Ne7 8.Bf3 Nd5 9.Nge2 Na6
10.axb5 Nab4 11.bxc6 Bxc6 12.O-O Be7 13.Nxd5 Nxd5 14.Qc2 O-O 15.Qxc4 Qd7
16.Bd2 Rfb8 17.Rfc1 Rxb2 18.Qxc6 Qxc6 19.Rxc6 Rxd2 20.Rca6 Bb4 21.g3 Rd8
22.Rc1 Ne7 23.Rb1 Rd3 24.Be4 Ra3 25.Rxa3 Bxa3 26.Rb3  1-0

[Event "29th ChessOrg Open"]
[Site "Bad Woerishofen GER"]
[Date "2013.03.02"]
[Round "2.26"]
[White "Scharrer,U"]
[Black "Tennstedt,A"]
[Result "0-1"]
[WhiteElo "2039"]
[BlackElo "2194"]

1.d4 d5 2.c4 dxc4 3.e4 b5 4.a4 c6 5.axb5 cxb5 6.Nc3 Bd7 7.d5 e6 8.dxe6 fxe6
9.Nxb5 Bb4+ 10.Nc3 Qc7 11.Qd4 Nf6 12.f3 O-O 13.Qxc4 Qxc4 14.Bxc4 Rc8 15.Ba2 Rxc3
16.Bd2 Re3+ 17.Ne2 Bb5 18.Bxe6+ Kh8 19.Bxb4 Rxe2+ 20.Kd1 Nc6 21.Bc3 Rd8+
22.Kc1 Rxg2  0-1

[Event "TCh-SVK Extraliga 2012-13"]
[Site "Slovakia SVK"]
[Date "2013.03.02"]
[Round "10.4"]
[White "Debnar,L"]
[Black "Hagara,E"]
[Result "0-1"]
[WhiteElo "2291"]
[BlackElo "2410"]

1.d4 d5 2.c4 dxc4 3.e4 e5 4.Nf3 Bb4+ 5.Bd2 Bxd2+ 6.Nbxd2 exd4 7.Bxc4 Nc6
8.O-O Qf6 9.Qe2 Nge7 10.e5 Qg6 11.Rfe1 O-O 12.Rac1 Rd8 13.Bd3 Qh5 14.h3 Ng6
15.Qe4 Be6 16.Rc5 Nge7 17.Bc4 Bxc4 18.Rxc4 Qg6 19.Nxd4 Nxd4 20.Rxd4 Qxe4
21.Rexe4 Nc6 22.Rxd8+ Rxd8 23.Nf3 Rd1+ 24.Kh2 Rb1 25.Re2 Kf8 26.Ng5 h6 27.Ne4 Rd1
28.f4 Ke7 29.Kg3 Nd4 30.Rd2 Rxd2 31.Nxd2 Ke6 32.Kf2 Kd5 33.Ke3 Nc2+ 34.Kf3 Ne1+
35.Kg3 b5 36.b3 c5 37.Kf2 Nc2 38.Ke2 c4 39.bxc4+ bxc4 40.g3 Nd4+ 41.Ke3 Nf5+
42.Kf3 Kd4 43.g4 Nh4+ 44.Kg3 g5  0-1

[Event "TCh-FIN SM 2012-13"]
[Site "Helsinki FIN"]
[Date "2013.03.09"]
[Round "13.3"]
[White "Volodin,Alek"]
[Black "Kekki,P"]
[Result "0-1"]
[WhiteElo "2509"]
[BlackElo "2353"]

1.d4 d5 2.c4 dxc4 3.e4 Nf6 4.e5 Nd5 5.Bxc4 Nb6 6.Bb3 Nc6 7.Ne2 Bf5 8.Nbc3 e6
9.O-O Qd7 10.Be3 O-O-O 11.a3 Kb8 12.Rc1 Qe8 13.Ba4 Nxa4 14.Qxa4 Bd3 15.Rfd1 Bxe2
16.Nxe2 Qd7 17.d5 exd5 18.Nc3 Qe6 19.b4 d4 20.Nb5 Bc5 21.Bg5 Bb6 22.Bxd8 Rxd8
23.Qc2 a6 24.Nc3 dxc3 25.Rxd8+ Nxd8 26.Qxc3 Nc6 27.Re1 Bd4 28.Qd2 Qb3 29.Kh1 Qxa3
30.f4 Qxb4 31.Qe2 a5 32.e6 fxe6 33.Qxe6 h6 34.h4 Bf2 35.Qg8+ Ka7 36.Re8 Qxf4
37.Ra8+ Kb6 38.Qb3+ Qb4  0-1

[Event "UTD Turner GM Invitational 2013"]
[Site "Richardson USA"]
[Date "2013.03.09"]
[Round "1"]
[White "Hambleton,A"]
[Black "Perez de Aranda A.,LI"]
[Result "1-0"]
[WhiteElo "2463"]
[BlackElo "2109"]

1.d4 d5 2.c4 dxc4 3.e4 e5 4.Nf3 exd4 5.Bxc4 Nc6 6.O-O Be6 7.Bxe6 fxe6 8.Qb3 Qd7
9.Qxb7 Rb8 10.Qa6 Nf6 11.Nbd2 Bb4 12.a3 Bxd2 13.Nxd2 O-O 14.b4 Rb6 15.Qd3 Ne5
16.Qg3 Ng6 17.Nc4 Rc6 18.Qd3 e5 19.f3 Qf7 20.Na5 Rc3 21.Qb1 d3 22.Be3 Rc2
23.Qb3 Nf4 24.Bxf4 Qxb3 25.Nxb3 exf4 26.Nd4 Rc3 27.Rfc1 Rxc1+ 28.Rxc1 Rd8
29.Ne6 d2 30.Rd1 Rd3 31.Nxf4 Rxa3 32.Rxd2 Rb3 33.Rc2 Rxb4 34.Rxc7 a5 35.Ne6 g6
36.Rg7+ Kh8 37.Rf7 Ng8 38.Ng5  1-0

[Event "TCh-LTU 2013"]
[Site "Vilnius LTU"]
[Date "2013.03.11"]
[Round "7.1"]
[White "Sakalauskas,V"]
[Black "Bucinskas,V"]
[Result "1/2-1/2"]
[WhiteElo "2396"]
[BlackElo "2373"]

1.d4 d5 2.c4 dxc4 3.e4 e5 4.Nf3 exd4 5.Bxc4 Nc6 6.O-O Be6 7.Bb5 Bc5 8.b4 Bb6
9.Bb2 Nf6 10.e5 Nd5 11.Nxd4 Nxb4 12.a3 a6 13.axb4  1/2-1/2

[Event "Karpos Open 2013"]
[Site "Skopje MKD"]
[Date "2013.03.14"]
[Round "7.4"]
[White "Cheparinov,I"]
[Black "Nabaty,T"]
[Result "1-0"]
[WhiteElo "2706"]
[BlackElo "2566"]

1.d4 d5 2.c4 dxc4 3.e4 e5 4.Nf3 Bb4+ 5.Nc3 exd4 6.Nxd4 Ne7 7.Bf4 Ng6 8.Bg3 Qe7
9.Be2 O-O 10.O-O Bxc3 11.bxc3 Ne5 12.f4 Nd3 13.Bxd3 cxd3 14.Qxd3 c5 15.Nf3 Rd8
16.Qe3 Nc6 17.Bh4 f6 18.e5 Bf5 19.Qf2 Qf8 20.exf6 gxf6 21.Rfe1 Rd3 22.Rad1 c4
23.Rb1 Rd7 24.Rb5 Bg4 25.Qg3 Rg7 26.Rxb7 Bd7 27.Qf2 Qd6 28.Nd2 f5  1-0

[Event "TCh-CZE Div1 Zapad 2012-13"]
[Site "Czech Republic CZE"]
[Date "2013.03.17"]
[Round "9.3"]
[White "Kourousis,E"]
[Black "Kucera,P1"]
[Result "1-0"]
[WhiteElo "2354"]
[BlackElo "2379"]

1.d4 d5 2.c4 dxc4 3.e4 e5 4.Nf3 exd4 5.Bxc4 Bb4+ 6.Nbd2 Nf6 7.Bxf7+ Kf8 8.Bb3 Bg4
9.e5 Nd5 10.h3 Bh5 11.Qc2 Bg6 12.Qc4 c6 13.Qxd4 Na6 14.O-O Bc5 15.Qg4 Bd3
16.Ng5 Qc8 17.Qf3+ Qf5 18.Bxd5 cxd5 19.Qxd5 Rc8 20.Nde4 Nb4 21.Ne6+ Ke7 22.Bg5+ Qxg5
23.Qxb7+  1-0

[Event "AICF KIIT Cup 2013"]
[Site "Bhubaneswar IND"]
[Date "2013.03.24"]
[Round "9"]
[White "Karavade,E"]
[Black "Mkrtchian,L"]
[Result "1/2-1/2"]
[WhiteElo "2387"]
[BlackElo "2458"]

1.d4 d5 2.c4 dxc4 3.e4 Nc6 4.Nf3 Bg4 5.Be3 Nf6 6.e5 Nd5 7.Bxc4 e6 8.O-O a6
9.Nc3 Nce7 10.Be2 Nxc3 11.bxc3 Nd5 12.Qb3 Rb8 13.Bd2 Be7 14.c4 Nb6 15.Be3 Nd7
16.Rfd1 O-O 17.Qb2 f6 18.h3 Bf5 19.exf6 Bxf6 20.Rac1 Kh8 21.Bf4 Be7 22.Qd2 Ba3
23.Ra1 Bd6 24.Bg5 Be7 25.Bf4 Bd6 26.Bg5 Be7 27.Bf4 Bd6  1/2-1/2

[Event "Norwegian Open 2013"]
[Site "Fagernes NOR"]
[Date "2013.03.24"]
[Round "4"]
[White "Elsness,F"]
[Black "Moen,A"]
[Result "1-0"]
[WhiteElo "2483"]
[BlackElo "2390"]

1.d4 d5 2.c4 dxc4 3.e4 e5 4.Nf3 exd4 5.Bxc4 Bb4+ 6.Nbd2 Nc6 7.O-O Be6 8.Bxe6 fxe6
9.Nb3 Qd7 10.Nfxd4 Nxd4 11.Qxd4 Qxd4 12.Nxd4 Kf7 13.Be3 Nf6 14.f3 Rhd8 15.Rac1 c6
16.Nb3 a5 17.Bb6 Rd3 18.Rfd1 Rxd1+ 19.Rxd1 a4 20.Nc5 Bxc5+ 21.Bxc5 e5 22.g4 h6
23.h4 Rb8 24.Rd6 b6 25.Bb4 c5 26.Bc3 b5 27.Bxe5 Rb7 28.Rc6 c4 29.a3 Nd7 30.Bc3  1-0

[Event "36th San Sebastian Open"]
[Site "Donostia ESP"]
[Date "2013.03.25"]
[Round "4.5"]
[White "Moreno Ruiz,J"]
[Black "Hernandez,Elvi"]
[Result "0-1"]
[WhiteElo "2495"]
[BlackElo "2288"]

1.d4 d5 2.c4 dxc4 3.e4 Nc6 4.Nf3 Bg4 5.d5 Ne5 6.Bf4 Ng6 7.Be3 e5 8.Bxc4 a6
9.Nbd2 Bd6 10.O-O N8e7 11.Qb3 Bc8 12.Rfe1 O-O 13.Bf1 f5 14.exf5 Nxf5 15.Bg5 Qd7
16.Ne4 Qf7 17.Rac1 Kh8 18.Kh1 b5 19.Red1 h6 20.Bd2 Bb7 21.Ba5 Nd4 22.Nxd4 Bxd5
23.Nxd6 cxd6 24.Qg3 exd4 25.Rxd4 Bc4 26.Bxc4 bxc4 27.Rxd6 Nf4 28.Rf1 Kh7
29.Qg4 Qf5 30.Qxf5+ Rxf5 31.Bb6 Re8 32.g3 Nd5 33.Bd4 Re4 34.Rd1 Re2 35.Rd7 Nf6
36.Rc1 Nxd7  0-1

[Event "44th Marcel Duchamp"]
[Site "Buenos Aires ARG"]
[Date "2013.03.26"]
[Round "5.1"]
[White "Mareco,S"]
[Black "Iermito,S"]
[Result "1-0"]
[WhiteElo "2580"]
[BlackElo "2463"]

1.d4 d5 2.c4 dxc4 3.e4 Nf6 4.e5 Nd5 5.Bxc4 Nb6 6.Bd3 Nc6 7.Be3 Be6 8.Nc3 Qd7
9.Nge2 Bf5 10.Bxf5 Qxf5 11.O-O Qd7 12.e6 fxe6 13.Ne4 O-O-O 14.Nc5 Qd6 15.Nf4 Nxd4
16.Rc1 g5 17.Bxd4 Qxd4 18.Qf3 c6 19.Nfxe6 Qf6 20.Qa3 a6 21.Qa5  1-0

[Event "6th Montalvo Open"]
[Site "Las Palmas ESP"]
[Date "2013.03.26"]
[Round "2.4"]
[White "Brochet,P"]
[Black "Cruz Gomez,I"]
[Result "1-0"]
[WhiteElo "2396"]
[BlackElo "2025"]

1.d4 d5 2.c4 dxc4 3.e4 e5 4.Nf3 exd4 5.Bxc4 Bb4+ 6.Nbd2 Nc6 7.O-O Nf6 8.e5 Nd5
9.Nb3 O-O 10.Nbxd4 Nxd4 11.Qxd4 Be6 12.Ng5 Be7 13.Nxe6 fxe6 14.Qg4 Qd7 15.Bh6 Rf7
16.Rad1 c6 17.Bd3 Bc5 18.Bg5 Be7 19.Bc1 Raf8 20.Qe4 g6 21.Bh6 Re8 22.h4 Bf8
23.Bc1 Bg7 24.h5 Rf5 25.hxg6 Bxe5 26.g4 hxg6 27.gxf5 exf5 28.Qg2 Kg7 29.Bc4 Rh8
30.f4 Bc7 31.Be3 Rh4 32.Rf3 Qe6 33.Bxd5 cxd5 34.Re1 Bb6 35.Qf2 Rg4+ 36.Rg3 Rxg3+
37.Qxg3 d4 38.Bf2 Qxa2 39.Re7+ Kf8 40.Qg5  1-0

[Event "ch-Moscow 2013"]
[Site "Moscow RUS"]
[Date "2013.03.28"]
[Round "6.3"]
[White "Belous,V"]
[Black "Stukopin,A"]
[Result "1/2-1/2"]
[WhiteElo "2560"]
[BlackElo "2500"]

1.d4 d5 2.c4 dxc4 3.e4 e5 4.Nf3 Bb4+ 5.Nc3 exd4 6.Nxd4 Ne7 7.a3 Bxc3+ 8.bxc3 O-O
9.Bxc4 c5 10.Nb5 Qxd1+ 11.Kxd1 Nbc6 12.Ke2 Bd7 13.Nd6 Na5 14.Ba2 Nc8 15.Bf4 Nxd6
16.Bxd6 Rfe8 17.f3 b6 18.Rhd1 Ba4 19.Rd5 Bc6 20.Rdd1 Ba4 21.Rd5 Bc6 22.Rdd1  1/2-1/2

[Event "36th San Sebastian Open"]
[Site "Donostia ESP"]
[Date "2013.03.29"]
[Round "8.8"]
[White "Thomassen,J"]
[Black "Hernandez,Elvi"]
[Result "0-1"]
[WhiteElo "2394"]
[BlackElo "2288"]

1.d4 d5 2.c4 dxc4 3.e4 Nc6 4.Nf3 Bg4 5.d5 Ne5 6.Bf4 Ng6 7.Be3 e5 8.Bxc4 Bd6
9.Nc3 Nh4 10.Bb5+ Kf8 11.Rg1 Bxf3 12.gxf3 h6 13.Be2 a6 14.Rg4 g5 15.Qb3 Qc8
16.Rc1 Nf6 17.Rg3 Kg7 18.Na4 Qd7 19.Nc5 Qe7 20.Qxb7 Rab8 21.Qxa6 Rxb2 22.Nd3 Rbb8
23.Qc4 Ra8 24.a4 Rhb8 25.Ra1 Nd7 26.a5 f5 27.Bd2 f4 28.Rg1 Nc5 29.Nxc5 Bxc5
30.Rc1 Bd6 31.Bc3 Ba3 32.Ra1 Bb2 33.Bxb2 Rxb2 34.Qc3 Rab8 35.a6 R8b3 36.Qa5 Rb5
37.Bxb5 Qc5 38.Be2 Qc2  0-1

[Event "36th San Sebastian Open"]
[Site "Donostia ESP"]
[Date "2013.03.29"]
[Round "8.31"]
[White "Berdote Alonso,Carlos"]
[Black "Ruiz Escobar,R"]
[Result "1-0"]
[WhiteElo "1782"]
[BlackElo "1932"]

1.d4 d5 2.c4 dxc4 3.e4 c5 4.d5 e6 5.Bxc4 Nf6 6.Nc3 exd5 7.exd5 a6 8.a4 Bd6
9.Nge2 O-O 10.Bg5 Bf5 11.Bd3 Bxd3 12.Qxd3 Nbd7 13.O-O Bxh2+ 14.Kh1 Bd6 15.Ne4 Ne5
16.Qh3 Re8 17.N2c3 Ng6 18.Qf5 Re5 19.Qf3 Be7 20.d6 Nxe4 21.dxe7 Nxe7 22.Nxe4 f6
23.Rad1 Qb6 24.Rd6 Qb4 25.Nxf6+ Kh8 26.Qd3 g6 27.Bd2 Rh5+ 28.Nxh5 Qh4+ 29.Kg1 Qxh5
30.Rd8+  1-0

[Event "17th Neckar Open"]
[Site "Deizisau GER"]
[Date "2013.03.31"]
[Round "7.13"]
[White "Sanikidze,T"]
[Black "Donchenko,Alexa"]
[Result "1/2-1/2"]
[WhiteElo "2559"]
[BlackElo "2413"]

1.d4 d5 2.c4 dxc4 3.e4 e5 4.Nf3 exd4 5.Bxc4 Bb4+ 6.Nbd2 Nc6 7.O-O Nf6 8.e5 Nd5
9.Nb3 Nb6 10.Bb5 Qd5 11.Nfxd4 Bd7 12.Nxc6 Qxb5 13.Nbd4 Qc5 14.a3 Bxc6 15.axb4 Qd5
16.Nxc6 Qxc6 17.Be3 Nd5 18.b5 Nxe3 19.bxc6 Nxd1 20.Rfxd1 bxc6 21.Ra6 Ke7
22.Rxc6 Rhc8 23.f4 Rab8 24.Rd2 g6 25.Kf2 h5 26.Kg3 Rb4 27.Rdc2 Kd7 28.Rf6 Ke8
29.Rfc6 Kd7 30.Ra6 Rb7 31.Kh4 c5 32.Kg5 Ke7 33.e6 fxe6 34.Re2 Kd7 35.Rd2+ Ke7
36.Re2 Kd7 37.Rexe6 Rxb2 38.g3 Rb6 39.Rexb6 axb6 40.Rxb6 Rc6 41.Rxc6 Kxc6
42.Kxg6 c4 43.f5 c3 44.f6 c2 45.f7 c1=Q 46.f8=Q Qc2+ 47.Kxh5 Qxh2+ 48.Kg4 Kd7
49.Qf7+ Kd6 50.Qf6+ Kd7 51.Qd4+ Ke7 52.Qe5+ Kf8 53.Kg5 Qa2 54.Kg6 Qg8+ 55.Kh6 Qe6+  1/2-1/2

[Event "ch-Moscow 2013"]
[Site "Moscow RUS"]
[Date "2013.03.31"]
[Round "9.11"]
[White "Gavrilov,Al1"]
[Black "Dragomarezkij,E"]
[Result "1-0"]
[WhiteElo "2474"]
[BlackElo "2372"]

1.d4 d5 2.c4 dxc4 3.e4 Nf6 4.e5 Nd5 5.Bxc4 Nc6 6.Ne2 Bg4 7.Nbc3 e6 8.O-O Nb6
9.Bb3 Qd7 10.a3 O-O-O 11.Be3 Be7 12.Qc1 h5 13.f3 Bf5 14.Rd1 Qe8 15.Ng3 Bg6
16.Nge4 Kb8 17.Ba2 h4 18.h3 Bf5 19.b4 Nd5 20.Nxd5 exd5 21.Nc5 Bxc5 22.Qxc5 Qe6
23.Rac1 Rd7 24.Kf2 Ne7 25.Bb3 b6 26.Qc3 c6 27.Bg5 Kb7 28.a4 f6 29.exf6 gxf6
30.Bf4 Rc8 31.Re1 Qf7 32.Bh2 Qg6 33.b5 cxb5 34.Bxd5+ Rxd5 35.Rxe7+ Ka6 36.axb5+ Kxb5
37.Qb3+ Ka6 38.Qc3 Rb5 39.Ra1+ Ra5 40.Rxa5+ bxa5 41.Bc7 Qg3+ 42.Kg1 Rxc7
43.Rxc7  1-0

[Event "2nd Martinique Open"]
[Site "Fort-de-France FRA"]
[Date "2013.04.04"]
[Round "4.5"]
[White "Warner,De"]
[Black "Rausis,I"]
[Result "0-1"]
[WhiteElo "2204"]
[BlackElo "2516"]

1.d4 d5 2.c4 dxc4 3.e4 e5 4.Nf3 exd4 5.Qxd4 Qxd4 6.Nxd4 Nf6 7.Nc3 Bc5 8.Ndb5 Na6
9.Bf4 c6 10.Nd6+ Bxd6 11.Bxd6 Be6 12.b3 O-O-O 13.Be7 Rd7 14.Bxf6 gxf6 15.Bxc4 Bxc4
16.bxc4 Rd4 17.h4 Nc5 18.Rh3 Nxe4 19.Ne2 Rxc4 20.Re3 Rd8 21.f3 Nd6 22.g4 f5
23.Rc1 fxg4 24.Rxc4 Nxc4 25.Re4 gxf3 26.Rxc4 Re8 27.Rf4 Rxe2+ 28.Kf1 Rxa2
29.Rxf7 h5 30.Rxf3 Ra4  0-1

[Event "e2e4 Gatwick Open 2013"]
[Site "Crawley ENG"]
[Date "2013.04.05"]
[Round "1"]
[White "Arkell,K"]
[Black "Bonafont,P"]
[Result "1-0"]
[WhiteElo "2465"]
[BlackElo "2063"]

1.d4 d5 2.c4 dxc4 3.e4 e5 4.Nf3 exd4 5.Qxd4 Qxd4 6.Nxd4 Nf6 7.Nc3 Bc5 8.Ndb5 Na6
9.Bf4 c6 10.Nd6+ Bxd6 11.Bxd6 Be6 12.e5 Nd7 13.Ne4 Bd5 14.Nd2 b5 15.a4 Nac5
16.axb5 cxb5 17.f4 a6 18.Kf2 O-O-O 19.Be2 Kb7 20.Rhd1 Bc6 21.Ra3 f6 22.Re3 fxe5
23.fxe5 Rde8 24.Kg1 Re6 25.Nf3 Rg6 26.Nh4 Rh6 27.Nf5 Rg6 28.g4 Nd3 29.Ne7 Nxb2
30.Rb1 Nd3 31.Nxg6 hxg6 32.Bxd3 cxd3 33.Rd1 Nb6 34.Rexd3 Re8 35.Rf1 Bd5 36.Rf8 Re6
37.Rb8+ Kc6 38.Rxb6+ Kxb6 39.Rxd5 a5 40.Kf2 b4 41.Ke3 Re8 42.Kd4 Rc8 43.Bc5+ Kb5
44.e6 Re8 45.e7  1-0

[Event "Bundesliga 2012-13"]
[Site "Schwetzingen GER"]
[Date "2013.04.07"]
[Round "15"]
[White "Bekker Jensen,S"]
[Black "Tazbir,M"]
[Result "0-1"]
[WhiteElo "2402"]
[BlackElo "2555"]

1.d4 d5 2.c4 dxc4 3.e4 Nc6 4.Nf3 Bg4 5.Be3 e6 6.Bxc4 Bb4+ 7.Nc3 Qf6 8.Bb5 Ne7
9.h3 Bxf3 10.Qxf3 Qxf3 11.gxf3 O-O-O 12.O-O-O a6 13.Ba4 Ba5 14.Rhg1 Rhg8
15.Bg5 b5 16.Bc2 Rxd4 17.Rxd4 Nxd4 18.Bxe7 Bxc3 19.Rg2 Ne2+ 20.Kb1 Be5 21.Bg5 Nd4
22.Bd1 Nc6 23.f4 Bd4 24.f5 exf5 25.exf5 Re8 26.Bd2 Bf6 27.Be3 Ne5 28.Bb3 Nc4
29.Bxc4 bxc4 30.Rg4 Re5 31.Bd4 Re1+ 32.Kc2 h5 33.Rf4 Bxd4 34.Rxd4 Re2+ 35.Rd2 Re5
36.Rd4 Rxf5 37.f4 Ra5 38.a3 Rc5 39.Kc3 h4 40.f5 Rxf5 41.Rxh4 Rf2 42.Rg4 g6
43.h4 Kb7 44.Rxc4 Rf3+ 45.Kb4 Kb6 46.Re4 c5+ 47.Ka4 a5 48.b4 axb4 49.axb4 Rf1
50.h5 gxh5 51.Ka3 Rb1 52.Rh4 Rxb4 53.Rxh5 Rf4 54.Kb3 Kb5  0-1

[Event "TCh-CAT Div Hon 2013"]
[Site "Catalonia ESP"]
[Date "2013.04.13"]
[Round "11.4"]
[White "Aloma Vidal,R"]
[Black "Vila Gazquez,X"]
[Result "1/2-1/2"]
[WhiteElo "2389"]
[BlackElo "2455"]

1.d4 d5 2.c4 dxc4 3.e4 Nc6 4.Nf3 Bg4 5.d5 Ne5 6.Bf4 Ng6 7.Be3 e5 8.Bxc4 a6
9.Nc3 Bd6 10.Be2 Nf6 11.Nd2 Bd7 12.a3 O-O 13.Nc4 Ne8 14.Na5 Qc8 15.Qb3 Nh4
16.Rg1 b6 17.Nc6 Kh8 18.O-O-O Ng6 19.h4 Nxh4 20.g3 Ng6 21.Rh1 Ne7 22.Rh4 Ng6
23.Rh2 Kg8 24.Rdh1 h6 25.Qd1 Nf6 26.Qd2 Re8 27.Bxh6 gxh6 28.Qxh6 Bf8 29.Qg5 Bg7
30.Bc4 Bxc6 31.dxc6 Qg4 32.Qe3 Rad8 33.Rh3 Rd4 34.f3 Qc8 35.Bb3 Qd8 36.Qg5 Kf8
37.Qf5 Rd3 38.g4 Qd4 39.Bc2 Rxc3 40.bxc3 Qxc3 41.Kb1 Qxc6 42.g5 Qb5+ 43.Ka2 Nd7
44.Bb3 Re7 45.Rd1 Qe2+ 46.Kb1 Qb5 47.Ka2 Qe2+ 48.Kb1 Qb5 49.Ka2  1/2-1/2

[Event "4th LUCOPEN 2013"]
[Site "Lille FRA"]
[Date "2013.04.15"]
[Round "3.17"]
[White "Dutreuil,R"]
[Black "Aguero Jimenez,L"]
[Result "0-1"]
[WhiteElo "2055"]
[BlackElo "2428"]

1.d4 d5 2.c4 dxc4 3.e4 e5 4.Nf3 exd4 5.Bxc4 Bb4+ 6.Nbd2 Nc6 7.O-O Nf6 8.e5 Nd5
9.Nb3 Nb6 10.Bb5 Qd5 11.Nbxd4 O-O 12.Nxc6 Qxb5 13.Nxb4 Qxb4 14.Qd4 Qxd4 15.Nxd4 Rd8
16.Nb5 Bd7 17.Nc3 Nc4 18.Bg5 Re8 19.f4 Bc6 20.Rf2 Ne3 21.Re1 Nf5 22.g4 Nd4
23.Ne4 f6 24.Bxf6 gxf6 25.Nxf6+ Kf7 26.Nxe8 Rxe8 27.Re3 Rg8 28.Rg3 Bb5 29.Kg2 Ke6
30.h3 h5 31.gxh5 Bc6+ 32.Kh2 Rh8 33.Rg6+ Kf5 34.h4 Ke4 35.h6 Nf5 36.e6 Nxh4
37.Rf6 Nf5 38.Re2+ Kf3 39.Re5 Nxh6 40.Kg1 Ng4 41.Rg6 Rh1+ 42.Kxh1 Kf2+  0-1

[Event "ch-LTU 2013"]
[Site "Vilnius LTU"]
[Date "2013.04.20"]
[Round "10.6"]
[White "Stremavicius,T"]
[Black "Beinoras,M"]
[Result "1/2-1/2"]
[WhiteElo "2202"]
[BlackElo "2359"]

1.d4 d5 2.c4 dxc4 3.e4 c5 4.Nf3 cxd4 5.Qxd4 Qxd4 6.Nxd4 Bd7 7.Bxc4 Nc6 8.Nxc6 Bxc6
9.Nc3 e6 10.Be3 a6 11.Rc1 Nf6 12.f3 Bd6 13.Kf2 Nd7 14.Rhd1 Ke7 15.Ne2 Ne5
16.Nd4 Ba4 17.Bb3 Bxb3 18.axb3 Rac8 19.Ke2 Ng6 20.g3 h5 21.f4 Rxc1 22.Rxc1 Rd8
23.e5 Bb8 24.b4 f6 25.exf6+ gxf6 26.Nb3 Bd6 27.Bc5 b6 28.Bxb6 Rb8 29.Bc5 Bxc5
30.Nxc5 Rxb4 31.Nd3 Rb6 32.Rc7+ Kf8 33.Rh7 h4 34.g4 Kg8 35.Ra7 e5 36.f5 Nf4+
37.Nxf4 Rxb2+ 38.Ke3 exf4+ 39.Kxf4 Rf2+ 40.Ke3 Ra2 41.h3 Ra3+ 42.Kf4 Ra4+
43.Kf3 Ra3+ 44.Ke4 Rxh3 45.Rxa6 Kg7 46.Ra7+ Kg8 47.Ra6 Kg7 48.Ra7+ Kg8 49.Ra6  1/2-1/2

[Event "Geneva WGP 2013"]
[Site "Geneva SUI"]
[Date "2013.05.09"]
[Round "6.1"]
[White "Khotenashvili,B"]
[Black "Batchimeg,Tuvshintugs"]
[Result "1-0"]
[WhiteElo "2505"]
[BlackElo "2298"]

1.d4 d5 2.c4 dxc4 3.e4 Nc6 4.Nf3 Bg4 5.Bxc4 e6 6.Be3 Bxf3 7.gxf3 Qf6 8.Bb5 Bb4+
9.Nc3 Ne7 10.e5 Qh4 11.Qa4 O-O 12.O-O-O Bxc3 13.bxc3 a6 14.Bxc6 Nxc6 15.Rhg1 Qh5
16.Qa3 g6 17.Rg3 Qf5 18.Bg5 a5 19.Qb2 Rfb8 20.Qe2 b5 21.Qe4 Qxe4 22.fxe4 b4
23.f4 a4 24.d5 b3 25.dxc6 bxa2 26.Kc2 a3 27.Ra1 Rb2+ 28.Kd3 Rxh2 29.Re3 Ra6
30.Re2 Rh3+ 31.Kd4 Rxc6 32.c4 Ra6 33.Rexa2 f6 34.Bxf6 Kf7 35.Rb1 Rb6 36.Rxb6 cxb6
37.Bd8 Rb3 38.Bc7 h5 39.Bd6 h4 40.Bxa3 h3 41.Bd6 Rg3 42.Ra7+ Kg8 43.Ra8+ Kg7
44.Be7  1-0

[Event "e2e4 Sunningdale Open"]
[Site "Ascot ENG"]
[Date "2013.05.25"]
[Round "3"]
[White "Osborne,M"]
[Black "Bonafont,P"]
[Result "1/2-1/2"]
[WhiteElo "2263"]
[BlackElo "2073"]

1.d4 d5 2.c4 dxc4 3.e4 e5 4.Nf3 exd4 5.Bxc4 Nc6 6.O-O Be6 7.Bb5 Bc5 8.b4 Bb6
9.a4 a6 10.Bxc6+ bxc6 11.a5 Ba7 12.Bb2 Ne7 13.Bxd4 O-O 14.Nc3 Qd6 15.Rb1 Bxd4
16.Qxd4 Rfd8 17.Rfd1 Qxd4 18.Rxd4 Rxd4 19.Nxd4 Bc4 20.Rd1 Rb8 21.Nf3 f6 22.Rd4 Bb3
23.Nd2 Bc2 24.f3 Kf7 25.Nc4 Ke8 26.Kf2 Bb3 27.Ke3 Kf8 28.Nb2 c5 29.bxc5 Nc6
30.Rd7 Rb7 31.Nd3 Be6 32.Rd5 Bxd5 33.exd5 Nxa5 34.c6 Rb3 35.Kd4 Ke7 36.g3 Ra3
37.Nf4 Nb3+ 38.Kd3 Nc5+ 39.Kc4 Kd6 40.Nfe2 Ra1 41.Nd4 Na4 42.Ne4+ Ke5 43.Nb3 Nb6+
44.Kc5 Rb1 45.f4+ Kf5 46.Ned2 Rb2 47.Nd4+ Kg6 48.N2b3 Nc8 49.h3 Kf7 50.f5 Ke7
51.Kc4  1/2-1/2

[Event "TCh-SUI 2013"]
[Site "Switzerland SUI"]
[Date "2013.05.26"]
[Round "3.4"]
[White "Moor,O"]
[Black "Modler,A"]
[Result "1/2-1/2"]
[WhiteElo "2381"]
[BlackElo "2277"]

1.d4 d5 2.c4 dxc4 3.e4 e5 4.Nf3 exd4 5.Qxd4 Qxd4 6.Nxd4 Nf6 7.Nc3 Bc5 8.Ndb5 Na6
9.Bxc4 c6 10.Na3 Nb4 11.e5 Ng4 12.Ne4 Be7 13.f4 Bf5 14.Ng3 Bd7 15.h3 Bh4
16.hxg4 Bxg3+ 17.Kf1 Bxg4 18.Bd2 a5 19.Rc1 Rd8 20.Nb1 Bf5 21.Ke2 Bg4+ 22.Ke3 g5
23.fxg5 b5 24.Bxb4 axb4 25.Be2 Be6 26.Rxc6 Bxe5  1/2-1/2